Retailing /
The book presents Introduction to Retailing, The Retailing Environment, Location Analysis, Managing Retail Operations, and Retail Management.
Kaydedildi:
| Yazar: | |
|---|---|
| Diğer Yazarlar: | , |
| Materyal Türü: | Kitap |
| Dil: | English |
| Baskı/Yayın Bilgisi: |
[Cincinnati, Ohio] :
South-Western College,
1995.
|
| Edisyon: | 2nd ed. |
| Konular: | |
| Etiketler: |
Etiketle
Etiket eklenmemiş, İlk siz ekleyin!
|
| Thư viện lưu trữ: | Mạng thư viện Đại học Đà Nẵng |
|---|
| LEADER | 01081cam a2200373 i 4500 | ||
|---|---|---|---|
| 001 | 000047865 | ||
| 003 | 7559 | ||
| 005 | 20030326135916.0 | ||
| 008 | 010322|1995 vm 000 eng | ||
| 020 | |a 0538841362 | ||
| 040 | |a IRC |c IRC |d IRC | ||
| 041 | 0 | |a eng | |
| 082 | 1 | 4 | |a 658.87 |b DU-P |
| 100 | 1 | |a Dunne, Patrick M. | |
| 245 | 0 | 0 | |a Retailing / |c Patrick Dunne, Robert Lusch, Myron Gable. |
| 250 | |a 2nd ed. | ||
| 260 | |a [Cincinnati, Ohio] : |b South-Western College, |c 1995. | ||
| 300 | |a xxvii, 546 p. : |b col. ill. ; |c 25.5cm. | ||
| 520 | 3 | |a The book presents Introduction to Retailing, The Retailing Environment, Location Analysis, Managing Retail Operations, and Retail Management. | |
| 630 | 0 | 4 | |a Management. |
| 630 | 0 | 4 | |a Retail trade. |
| 650 | 0 | 4 | |a Retail trade. |
| 700 | 1 | |a Lusch, Robert. | |
| 700 | 1 | |a Gable, Myron. | |
| OWN | |a DUT | ||
| 999 | |a From the UDN01 | ||
| TYP | |a Monograph | ||
| TYP | |a Printed language | ||
| 980 | |a Mạng thư viện Đại học Đà Nẵng | ||


